| 000 | 01023cam a2200277 a 4500 | ||
|---|---|---|---|
| 020 | _a9780821369357 | ||
| 020 | _a0821369350 | ||
| 020 | _a0821369369 (electronic) | ||
| 020 | _a9780821369364 (electronic) | ||
| 040 | _cDLC | ||
| 082 | 0 | 0 | _a304 WOR 2007 A077 Or. |
| 245 | 0 | 0 | _aInternational migration, economic development & policy / |
| 246 | 3 | _aInternational migration, economic development, and policy | |
| 260 |
_aWashington, DC : _bWorld Bank ; _aBasingstoke ; _aNew York : _bPalgrave Macmillan, _cc2007. |
||
| 300 |
_axvii, 299 p. : _bill. ; _c23 cm. |
||
| 650 | 0 | _aEmigration and immigration. | |
| 650 | 0 | _aEmigrant remittances. | |
| 650 | 0 | _aEmigration and immigration | |
| 700 | 1 | _aÖzden, Çaglar. | |
| 700 | 1 | _aSchiff, Maurice W. | |
| 710 | 2 | _aWorld Bank. | |
| 856 | 4 | 1 | _uhttp://www.loc.gov/catdir/toc/ecip0713/2007011294.html |
| 856 | 4 | 2 | _uhttps://www.loc.gov/catdir/enhancements/fy1609/2007011294-b.html |
| 856 | 4 | 2 | _uhttps://www.loc.gov/catdir/enhancements/fy1609/2007011294-d.html |
| 942 | _cEK | ||
| 999 |
_c15501 _d15501 |
||